Studies in I Corinthians: (Record no. 5744)

000 -LEADER
fixed length control field 00604nam a2200181 a 4500
001 - CONTROL NUMBER
control field :::00003486$&:&@@
003 - CONTROL NUMBER IDENTIFIER
control field OkBaRHE
005 - DATE AND TIME OF LATEST TRANSACTION
control field 20000607103306.0
008 - FIXED-LENGTH DATA ELEMENTS--GENERAL INFORMATION
fixed length control field s1956 j 000 0 eng u
040 ## - CATALOGING SOURCE
Transcribing agency
100 1# - MAIN ENTRY--PERSONAL NAME
Personal name De Haan, M. R.
245 10 - TITLE STATEMENT
Title Studies in I Corinthians:
Remainder of title messages on practical Christian living.
260 ## - PUBLICATION, DISTRIBUTION, ETC. (IMPRINT)
Place of publication, distribution, etc Grand Rapids, MI., :
Name of publisher, distributor, etc Zondervan Publishing House
Date of publication, distribution, etc 1956
300 ## - PHYSICAL DESCRIPTION
Extent 192 p. ;
Dimensions 20 cm.
650 ## - SUBJECT ADDED ENTRY--TOPICAL TERM
Topical term or geographic name as entry element Bible New Testament I Corinthians
General subdivision Study
942 ## - ADDED ENTRY ELEMENTS (KOHA)
Source of classification or shelving scheme
Koha item type Books
Copies
Shelving location Date last seen Date acquired Copy number Price effective from Koha item type Barcode Source of classification or shelving scheme Lost status Full call number Permanent Location Withdrawn status Damaged status Not for loan
General Stacks2018-04-032010-04-1412010-04-14Books3486  BS 2675 .D4RHEMA Bible Training College